Genio artístico y locura: Strinberg y Van Gogh
Zapisane w:
| 1. autor: | |
|---|---|
| Format: | Książka |
| Język: | hiszpański |
| Wydane: |
Barcelona
Quaderns Crema
2001
|
| Seria: | El Acantilado, 47
|
| Hasła przedmiotowe: | |
| Etykiety: |
Dodaj etykietę
Nie ma etykietki, Dołącz pierwszą etykiete!
|
MARC
| LEADER | 00000nam a2200000 a 4500 | ||
|---|---|---|---|
| 001 | UCL1046 | ||
| 003 | CL-VaPUC | ||
| 008 | 030829e20010000SP |||||||||||||||||spa|d | ||
| 020 | |a 8495359766 | ||
| 082 | 0 | 4 | |a 193 |b JAS |2 21 |
| 100 | |a Jaspers, Karl |e author |9 334584 | ||
| 245 | 1 | 0 | |a Genio artístico y locura: Strinberg y Van Gogh |
| 300 | |a 261 p | ||
| 942 | |c BK | ||
| 945 | |d 20030829 00:00:00 |a cmena | ||
| 260 | |a Barcelona |b Quaderns Crema |c 2001 | ||
| 600 | 0 | 7 | |a STRINBERG, AUGUST |2 CL-VaPUC |9 477828 |
| 600 | 0 | 7 | |a GOGH, VINCENT VAN |2 CL-VaPUC |9 266905 |
| 650 | 0 | |a Filosofía alemana |9 265002 | |
| 650 | 0 | |a Psicopatología |9 307473 | |
| 650 | 0 | |a Creatividad |9 310816 | |
| 583 | |a last modification |c 20030829 00:00:00 |k Rodrigo Vera | ||
| 490 | 0 | |a El Acantilado, 47 | |
| 999 | |c 304729 |d 304727 | ||
| 952 | |0 0 |1 0 |4 0 |6 193_000000000000000_JAS_2001 |7 0 |8 A |9 367419 |a BIBART |b BIBART |d 2019-11-21 |i 3912485 |o 193 JAS 2001 |p 3912485 |r 2025-03-13 |w 2019-11-21 |y BK |k ART | ||